Jang-i Qādsiyah. (Record no. 63628)

MARC details
000 -LEADER
fixed length control field 00587cam a22002291 4500
001 - CONTROL NUMBER
control field sa 65004227
003 - CONTROL NUMBER IDENTIFIER
control field DLC
005 - DATE AND TIME OF LATEST TRANSACTION
control field 20260227112129.0
008 - FIXED-LENGTH DATA ELEMENTS--GENERAL INFORMATION
fixed length control field 890428q19601969pk 000 0 urdr
010 ## - LIBRARY OF CONGRESS CONTROL NUMBER
LC control number sa 65004227
035 ## - SYSTEM CONTROL NUMBER
System control number (OCoLC)19620321
040 ## - CATALOGING SOURCE
Original cataloging agency DLC
Transcribing agency WaU
Modifying agency DLC
043 ## - GEOGRAPHIC AREA CODE
Geographic area code a-iq---
050 00 - LIBRARY OF CONGRESS CALL NUMBER
Classification number DS287.8
Item number .M25
100 2# - MAIN ENTRY--PERSONAL NAME
Personal name Mail Malihabadi, Abdul Wahid Khan,
Dates associated with a name 1917-
245 10 - TITLE STATEMENT
Title Jang-i Qādsiyah.
260 ## - PUBLICATION, DISTRIBUTION, ETC.
Date of publication, distribution, etc. [196-]
300 ## - PHYSICAL DESCRIPTION
Extent 333 p.
Dimensions 19 cm.
500 ## - GENERAL NOTE
General note In Urdu.
500 ## - GENERAL NOTE
General note Text partially vocalized.
650 #0 - SUBJECT ADDED ENTRY--TOPICAL TERM
Topical term or geographic name entry element Qādisīyah, Battle of, Iraq, 637.

No items available.

Powered by Koha